Audits of stock life insurance companies / (Record no. 2039)
[ view plain ]
| 000 -LEADER | |
|---|---|
| fixed length control field | 00695cas a2200169 a 4500 |
| 005 - DATE AND TIME OF LATEST TRANSACTION | |
| control field | 20250901165320.0 |
| 008 - FIXED-LENGTH DATA ELEMENTS--GENERAL INFORMATION | |
| fixed length control field | 940606d1972199uiluar 0 a0eng c |
| 010 ## - LIBRARY OF CONGRESS CONTROL NUMBER | |
| LC control number | 96649772 |
| Canceled/invalid LC control number | sn 95043495 |
| 022 0# - INTERNATIONAL STANDARD SERIAL NUMBER | |
| International Standard Serial Number | 1089-6414 |
| ISSN-L [OBSOLETE] | 1089-6414 |
| Source | 1 |
| 050 00 - LIBRARY OF CONGRESS CALL NUMBER | |
| Classification number | HG8848 .A46 |
| Item number | .A46 |
| 082 10 - DEWEY DECIMAL CLASSIFICATION NUMBER | |
| Classification number | 657 |
| Edition information | 12 |
| 245 10 - TITLE STATEMENT | |
| Title | Audits of stock life insurance companies / |
| Statement of responsibility, etc. | prepared by the Committee on Insurance Accounting and Auditing. |
| 260 ## - PUBLICATION, DISTRIBUTION, ETC. | |
| Place of publication, distribution, etc. | New York, N.Y. : |
| Name of publisher, distributor, etc. | American Institute of Certified Public Accountants, |
| Date of publication, distribution, etc. | ©1972- |
| 300 ## - PHYSICAL DESCRIPTION | |
| Extent | volumes ; |
| Dimensions | 23 cm. |
| 500 ## - GENERAL NOTE | |
| General note | Published: Chicago, Ill. : Published for the American Institute of Certified Public Accountants by Commerce Clearing House, 1992- |
| 942 ## - ADDED ENTRY ELEMENTS (KOHA) | |
| Source of classification or shelving scheme | Dewey Decimal Classification |
| Withdrawn status | Lost status | Source of classification or shelving scheme | Damaged status | Not for loan | Home library | Current library | Shelving location | Date acquired | Total checkouts | Full call number | Barcode | Date last seen | Price effective from | Koha item type |
|---|---|---|---|---|---|---|---|---|---|---|---|---|---|---|
| Library of Congress Classification | Main Library | Main Library | 03/09/2021 | HG8848 .A46 | PIU0002530 | 03/09/2021 | 03/09/2021 | Books |